LEADER 01654nam0 22003493i 450 001 CFI0656291 005 20231121125455.0 010 $a2503524206 100 $a20061218d2006 ||||0itac50 ba 101 | $aeng$afre$aita 102 $abe 181 1$6z01$ai $bxxxe 182 1$6z01$an 200 1 $aFrontiers in the Middle Ages$eproceedings of the third European congress of Medieval studies$eJyväskylä, 10-14 June 2003$fedited by O. Merisalo$gwith the collaboration of P. Pahta 210 $aLouvain-la-Neuve$cFédération internationale des instituts d'études médiévales$d2006 215 $aXII, 766 p.$d24 cm. 225 | $aTextes et études du Moyen âge$v35 410 0$1001MIL0229426$12001 $aTextes et études du Moyen âge$v35 606 $aMedioevo$xConfini$xCongressi Jyvaskyla 2006$2FIR$3RMLC298489$9I 702 1$aMerisalo$b, Outi$3MILV109730 702 1$aPahta$b, Päivi$3VEAV049394 710 12$aEuropean congress of Medieval studies$d <3.$f ; 2006$e ; Jyväskylä>$3CFIV230551$4070$0432984 801 3$aIT$bIT-01$c20061218 850 $aIT-RM0281 $aIT-RM0151 $aIT-FR0017 899 $aBIBLIOTECA VALLICELLIANA$bRM0281 899 $aBiblioteca Istituto Storico Italiano Medio Evo - I$bRM0151 899 $aBiblioteca umanistica Giorgio Aprea$bFR0017 912 $aCFI0656291 950 0$aBiblioteca umanistica Giorgio Aprea$d 52CIS 10/1098$e 52VM 0000659985 VM barcode:00042436. - Inventario:29768 FLSVM$fA $h20070205$i20121204 977 $a 08$a 41$a 52 996 $aFrontiers in the Middle Ages$9782206 997 $aUNICAS